LEADER 01623nam a2200349 i 4500 001 000000164607 003 CaOOAMICUS 005 20070919000000.0 008 070919s2005 it u000 u ita u 013 $a141975 020 $a88-317-8817-5 040 $aSeMil$bita 100 1 $aFanfani, Amintore,$d<1908-1999>.$0(OLS)http://semarc/name/5491 245 10$aCattolicesimo e protestantesimo nella formazione storica del capitalismo /$cAmintore Fanfani ; A cura di Piero Roggi ; Prefazione di Antonio Fazio. 250 $a3. ed. 260 $aVenezia :$bMarsilio,$c2005. 300 $aXXXVI, 284 p. ;$c22 cm. 490 0 $aI libri della Fondazione Amintore Fanfani ;$v. 500 $aDono del Card. Dionigi Tettamanzi. 650 4$aCapitalismo - Storia.$0(OLS)http://semarc/subject/6805 650 4$aCapitalismo - Protestantesimo.$0(OLS)http://semarc/subject/9507 650 4$aCapitalismo - Cattolicesimo.$0(OLS)http://semarc/subject/31274 700 1 $aFazio, Antonio <1936- >.$0(OLS)http://semarc/name/26769 700 1 $aRoggi, Piero.$0(OLS)http://semarc/name/62190 830 2$aI libri della Fondazione Amintore Fanfani ;$v.$0(OLS)http://semarc/title/24260 850 $aSeMil 852 $aSeMil$W1$xVenegono$y1$m3M III 171$j115840$B115840$CSeMilBibl$Z2$F128979 $81 941 1 $a5 961 $aOmaggio: Tettamanzi Card. Dionigi 996 $6020$a88-317-8817-5$9(OLS)http://semarc/number/150879 996 $6245$aCattolicesimo e protestantesimo nella formazione storica del capitalismo$9(OLS)http://semarc/title/234853 996 $6260$aVenezia :$bMarsilio$9(OLS)http://semarc/publisher/30231 LEADER 01353nam a2200301 i 4500 001 000000201556 003 CaOOAMICUS 005 20141017000000.0 008 141017s1927 it u000 u ita u 013 $a180258 040 $aSeMil$bita 100 1 $aBelloc, Hilaire <1870-1953>.$0(OLS)http://semarc/name/20518 245 12$aL'anima cattolica de l'Europa /$cHilaire Belloc ; versione dall'inglese approvata dall'Autore, con prefazione del dott. Mario Bendiscioli. 260 $aBrescia :$bMorcelliana,$c1927. 300 $aXV, 329 p. ;$c20 cm. 490 0 $aIl pensiero cattolico moderno ;$v1 500 $aFondo card. Giovanni Colombo. 650 4$aCristianesimo - Europa.$0(OLS)http://semarc/subject/717 650 4$aEuropa - Cristianesimo.$0(OLS)http://semarc/subject/8536 650 4$aChiesa cattolica - Europa.$0(OLS)http://semarc/subject/4310 700 1 $aBendiscioli, Mario,$d<1903-1998>.$0(OLS)http://semarc/name/9378 830 3$aIl pensiero cattolico moderno ;$v1.$0(OLS)http://semarc/title/13953 850 $aSeMil 852 $aSeMil$W1$xVenegono$y1$m3GC VI 143$j152082$B152082$CSeMilBibl$Z2$F163258 $8B 941 1 $a3 961 $aLascito: Colombo Card. Giovanni 996 $6245$aL'anima cattolica de l'Europa$9(OLS)http://semarc/title/60390 996 $6260$aBrescia :$bMorcelliana$9(OLS)http://semarc/publisher/29629